[Event "Espalion op 3rd"]
[Site "Espalion"]
[Date "2018.07.15"]
[Round "2"]
[White "Martin, Gerard"]
[Black "Marie, Olivier"]
[Result "1/2-1/2"]
[WhiteElo "1381"]
[BlackElo "1544"]
[PlyCount "89"]
[EventDate "2018.07.14"]
[EventType "swiss"]
[EventRounds "9"]
[EventCountry "FRA"]
[SourceTitle "CBM 185 Extra"]
[Source "ChessBase"]
[SourceDate "2018.07.29"]
[SourceVersion "1"]
[SourceVersionDate "2018.07.29"]
[SourceQuality "1"]

1. d4 g6 2. c4 Bg7 3. Nf3 a5 4. Nc3 Na6 5. Bf4 d6 6. e3 c6 7. h3 Nf6 8. Be2 Qb6 9. b3 Nh5 10. Rc1 Nxf4 11. exf4 Bh6 12. g3 Bd7 13. d5 0-0 14. h4 Rad8 15. h5 Qb4 16. Kf1 Bg7 17. Ne4 Bc8 18. Kg2 cxd5 19. Qxd5 Be6 20. Qd1 d5 21. Ned2 dxc4 22. Bxc4 Nc5 23. Bxe6 Nxe6 24. Qe2 Bf6 25. hxg6 hxg6 26. Ne4 Bg7 27. Neg5 Nxg5 28. Nxg5 Rd2 29. Qc4 Qxc4 30. Rxc4 Rfd8 31. Rhc1 Rxa2 32. Rc8 Rad2 33. Rxd8+ Rxd8 34. Rc7 Bf6 35. Rxb7 Rd3 36. Ra7 Rxb3 37. Rxa5 Rb2 38. Rd5 e6 39. Rd7 Bxg5 40. fxg5 Rb5 41. f4 Kf8 42. Kf3 Rb3+ 43. Kg4 Ke8 44. Ra7 Rb4 45. Kf3 1/2-1/2

[Event "Espalion op 1st"]
[Site "Espalion"]
[Date "2016.07.13"]
[Round "6"]
[White "Marie, Olivier"]
[Black "Meyer, Bernard"]
[Result "1-0"]
[WhiteElo "1560"]
[BlackElo "1354"]
[PlyCount "121"]
[EventDate "2016.07.09"]
[EventType "swiss"]
[EventRounds "9"]
[EventCountry "FRA"]
[SourceTitle "CBM 173 Extra"]
[Source "ChessBase"]
[SourceDate "2016.08.29"]
[SourceVersion "1"]
[SourceVersionDate "2016.08.29"]
[SourceQuality "1"]

1. e4 e6 2. g3 d5 3. Bg2 c6 4. Ne2 Bd6 5. d4 Ne7 6. Bf4 0-0 7. 0-0 Ng6 8. Bc1 e5 9. exd5 cxd5 10. dxe5 Bxe5 11. Qxd5 Nc6 12. Qxd8 Rxd8 13. Na3 Bg4 14. f3 Be6 15. Rb1 Rac8 16. f4 Bd4+ 17. Nxd4 Nxd4 18. Be3 Bf5 19. Bxd4 Rxd4 20. Bxb7 Rc7 21. Ba6 Rd2 22. Rbd1 Rxd1 23. Rxd1 h6 24. Bd3 Bg4 25. Re1 Ne7 26. Re5 Be6 27. f5 Bd5 28. c4 Bc6 29. f6 gxf6 30. Ra5 Rd7 31. Bc2 Kg7 32. Kf2 Ng6 33. Ke3 Ne5 34. Bf5 Re7 35. Kf2 Nf3 36. h4 Nd4 37. Bd3 Ba8 38. Nc2 Nc6 39. Rc5 Ne5 40. Be2 Rd7 41. Ke3 Re7 42. Kd2 Nd7 43. Rf5 Ne5 44. b3 Be4 45. Rf2 Nc6 46. Bf3 Bxf3 47. Rxf3 Ne5 48. Rf4 h5 49. Nd4 Kg6 50. Kc3 Ng4 51. Kb4 Re5 52. c5 Ne3 53. c6 Nd5+ 54. Kc4 Nb6+ 55. Kd3 Rc5 56. b4 Rd5 57. Re4 f5 58. Re8 Kf6 59. c7 Re5 60. c8Q Nxc8 61. Rxc8 1-0

[Event "Espalion op 1st"]
[Site "Espalion"]
[Date "2016.07.09"]
[Round "1"]
[White "Marie, Olivier"]
[Black "Tagnon, Nicole"]
[Result "0-1"]
[WhiteElo "1560"]
[BlackElo "1935"]
[PlyCount "70"]
[EventDate "2016.07.09"]
[EventType "swiss"]
[EventRounds "9"]
[EventCountry "FRA"]
[SourceTitle "CBM 173 Extra"]
[Source "ChessBase"]
[SourceDate "2016.08.29"]
[SourceVersion "1"]
[SourceVersionDate "2016.08.29"]
[SourceQuality "1"]

1. e4 c5 2. c4 e6 3. Nc3 a6 4. g3 Qc7 5. Bg2 Nf6 6. Nge2 Be7 7. 0-0 0-0 8. e5 Qxe5 9. d4 cxd4 10. Bf4 Qa5 11. Na4 e5 12. Bd2 Qd8 13. Qb3 Nc6 14. Nb6 Rb8 15. a4 d6 16. a5 Bf5 17. Nc1 Ne4 18. Bxe4 Bxe4 19. Qa4 Na7 20. b4 Bc6 21. Qa2 Bf6 22. Nb3 Nc8 23. Nd5 Bxd5 24. cxd5 Ne7 25. Nc1 Qd7 26. Ne2 Qb5 27. Rfe1 Qxd5 28. Qa3 Rfc8 29. Rad1 Qb5 30. Qf3 Qd7 31. Nc1 Qf5 32. Qa3 Qd7 33. Qf3 Qc6 34. Qg4 Qc2 35. Bh6 Qf5 0-1

[Event "Lille Luce op 6th"]
[Site "Lille"]
[Date "2015.05.08"]
[Round "6"]
[White "Marie, Olivier"]
[Black "Chaignet, Lucas"]
[Result "0-1"]
[WhiteElo "1527"]
[BlackElo "1758"]
[PlyCount "136"]
[EventDate "2015.05.04"]
[EventType "swiss"]
[EventRounds "9"]
[EventCountry "FRA"]
[SourceTitle "EXT 2017"]
[Source "ChessBase"]
[SourceDate "2016.10.25"]
[SourceVersion "1"]
[SourceVersionDate "2016.10.25"]
[SourceQuality "1"]

1. d4 Nf6 2. c4 g6 3. Nc3 d5 4. cxd5 Nxd5 5. e4 Nxc3 6. bxc3 Bg7 7. Bc4 c5 8. Ne2 Nc6 9. 0-0 cxd4 10. cxd4 Nxd4 11. Nxd4 Qxd4 12. Qxd4 Bxd4 13. Bb5+ Kf8 14. Bh6+ Bg7 15. Bxg7+ Kxg7 16. f4 e6 17. f5 exf5 18. exf5 Bxf5 19. Rf2 Be6 20. a4 Rhd8 21. Rb2 Rd6 22. Be2 b6 23. a5 Rad8 24. axb6 Rxb6 25. Rxb6 axb6 26. Rb1 Rb8 27. Kf2 Kf6 28. Ke3 Bd5 29. g3 Bc6 30. Bc4 b5 31. Rf1+ Ke5 32. Bxf7 Bd5 33. Bxd5 Kxd5 34. Kd3 b4 35. Kc2 b3+ 36. Kb2 Rb7 37. Rf3 Ke4 38. Rc3 Kf5 39. h4 Kg4 40. Rd3 Rf7 41. Rxb3 Rf2+ 42. Kc1 Rf3 43. Rb7 h6 44. Rb6 Kh5 45. Rb5+ g5 46. hxg5 hxg5 47. Kd2 Rxg3 48. Ke2 Kh4 49. Rb8 Kg4 50. Kf2 Ra3 51. Rb1 Ra2+ 52. Ke3 Kh3 53. Rg1 g4 54. Kf4 Rf2+ 55. Ke3 g3 56. Rc1 Kh2 57. Rd1 Rf8 58. Rd6 g2 59. Rh6+ Kg1 60. Ke2 Re8+ 61. Kd3 Re5 62. Kd4 Rf5 63. Ke4 Rf8 64. Rb6 Rh8 65. Rb1+ Kh2 66. Rb2 Kh1 67. Rb1+ g1Q 68. Rb4 Qe1+ 0-1

[Event "Lille Luce op 6th"]
[Site "Lille"]
[Date "2015.05.06"]
[Round "3"]
[White "Bloem, Mark"]
[Black "Marie, Olivier"]
[Result "1-0"]
[WhiteElo "1978"]
[BlackElo "1527"]
[PlyCount "35"]
[EventDate "2015.05.04"]
[EventType "swiss"]
[EventRounds "9"]
[EventCountry "FRA"]
[SourceTitle "EXT 2017"]
[Source "ChessBase"]
[SourceDate "2016.10.25"]
[SourceVersion "1"]
[SourceVersionDate "2016.10.25"]
[SourceQuality "1"]

1. e4 c5 2. Nf3 g6 3. d4 cxd4 4. Nxd4 Nc6 5. Be3 Nf6 6. Nc3 Bg7 7. Be2 0-0 8. 0-0 d5 9. Nxc6 bxc6 10. exd5 Nxd5 11. Nxd5 cxd5 12. c3 Rb8 13. Qd2 Qa5 14. a4 e6 15. b4 Bxc3 16. Qxc3 Qxb4 17. Qxb4 Rxb4 18. Bc5 1-0

[Event "Saint Affrique op 22nd"]
[Site "Saint Affrique"]
[Date "2014.07.23"]
[Round "6"]
[White "Leost, Joel"]
[Black "Marie, Olivier"]
[Result "0-1"]
[WhiteElo "1445"]
[BlackElo "1633"]
[PlyCount "93"]
[EventDate "2014.07.19"]
[EventType "swiss"]
[EventRounds "9"]
[EventCountry "FRA"]
[SourceTitle "CBM 161 Extra"]
[Source "ChessBase"]
[SourceDate "2014.08.29"]
[SourceVersion "1"]
[SourceVersionDate "2014.08.29"]
[SourceQuality "1"]

1. e4 b6 2. Nc3 Ba6 3. Nge2 e6 4. d3 Bd6 5. g3 Qc8 6. Bg2 c6 7. 0-0 Bb7 8. f4 Bc7 9. Nd4 a5 10. f5 e5 11. Nf3 f6 12. d4 d6 13. Nh4 Qd7 14. Qh5+ Qf7 15. Ng6 exd4 16. Ne2 c5 17. Nef4 Na6 18. Nxh8 Qxh5 19. Nxh5 Kf8 20. Nf4 Ne7 21. Ne6+ Kg8 22. Ng6 hxg6 23. fxg6 Nxg6 24. Nxc7 Nxc7 25. Re1 Ra7 26. Bf4 Ne5 27. Rad1 Ne6 28. Bxe5 dxe5 29. c3 c4 30. cxd4 exd4 31. Bh3 Ng5 32. Bg2 d3 33. h4 Ne6 34. Kf2 Nd4 35. Rh1 Ba6 36. Bh3 Re7 37. Ke3 Nc2+ 38. Kf4 Bb7 39. Bg2 Re5 40. g4 Nd4 41. h5 Ne2+ 42. Ke3 b5 43. Bf3 Ng3 44. h6 Nxe4 45. h7+ Kh8 46. Be2 Ng3+ 47. Kf2 0-1

[Event "St Chely d'Aubrac op 11th"]
[Site "St Chely d'Aubrac"]
[Date "2011.07.11"]
[Round "4"]
[White "Goulesque, Camille"]
[Black "Marie, Olivier"]
[Result "1-0"]
[WhiteElo "1660"]
[BlackElo "1678"]
[PlyCount "157"]
[EventDate "2011.07.09"]
[EventType "swiss"]
[EventRounds "7"]
[EventCountry "FRA"]
[SourceTitle "CBM 143 Extra"]
[Source "ChessBase"]
[SourceDate "2011.08.29"]
[SourceVersion "1"]
[SourceVersionDate "2011.08.29"]
[SourceQuality "1"]

1. e4 d5 2. exd5 c6 3. dxc6 e5 4. g3 Bc5 5. Bg2 Qb6 6. Qe2 Ne7 7. Nc3 Nbxc6 8. Nf3 0-0 9. Ne4 Ng6 10. Nxc5 Qxc5 11. d3 Nb4 12. c3 Nd5 13. Be3 Nxe3 14. Qxe3 Qb5 15. b4 a5 16. a4 Qc6 17. Qd2 axb4 18. cxb4 Rxa4 19. 0-0 Rxa1 20. Rxa1 Qd6 21. Ne1 Qb6 22. Qc3 Be6 23. Qc5 Qxc5 24. bxc5 Rc8 25. Bxb7 Rxc5 26. Ra8+ Nf8 27. Nf3 Bh3 28. Ra1 Rb5 29. Be4 g6 30. Nd2 Ne6 31. Rb1 Rxb1+ 32. Nxb1 Nd4 33. Nc3 Be6 34. Kg2 Kf8 35. h3 h6 36. g4 f5 37. gxf5 gxf5 38. Bf3 Nc2 39. Kg3 Ne1 40. Be2 Kg7 41. Na4 f4+ 42. Kh2 Kf6 43. Nc5 Bc8 44. Bd1 Ke7 45. f3 Bf5 46. Be2 Nc2 47. Ne4 Nd4 48. Bd1 Bg6 49. Nf2 Kd6 50. Ne4+ Kc6 51. h4 Nf5 52. Kh3 Kb5 53. Nf6 Nd4 54. Ng4 Bf5 55. Kg2 Bxg4 56. fxg4 Kb4 57. g5 hxg5 58. hxg5 Nf5 59. Kf3 Kc3 60. Ke4 Nh4 61. Bh5 Kc2 62. g6 Nxg6 63. Bxg6 Kd2 64. Kf3 Kc3 65. Ke2 Kd4 66. Be4 Kc5 67. Ke1 Kd4 68. Kd2 Kc5 69. Kc3 Kd6 70. Kb4 Ke6 71. Bg2 Kd6 72. Kb5 Ke6 73. Kc6 e4 74. dxe4 Ke5 75. Kc5 Ke6 76. Kd4 Kd6 77. e5+ Ke6 78. Ke4 Ke7 79. Kxf4 1-0

[Event "St Chely d'Aubrac op 10th"]
[Site "St Chely d'Aubrac"]
[Date "2010.07.10"]
[Round "1"]
[White "Sanduleac, Vasile"]
[Black "Marie, Olivier"]
[Result "1-0"]
[WhiteElo "2451"]
[BlackElo "1710"]
[PlyCount "59"]
[EventDate "2010.07.10"]
[EventType "swiss"]
[EventRounds "9"]
[EventCountry "FRA"]
[SourceTitle "CBM 137 Extra"]
[Source "ChessBase"]
[SourceDate "2010.09.01"]
[SourceVersion "1"]
[SourceVersionDate "2010.09.01"]
[SourceQuality "1"]

1. e4 e5 2. Nf3 Nf6 3. Nxe5 d6 4. Nf3 Nxe4 5. Nc3 Nf6 6. d4 d5 7. Ne5 Be7 8. Bd3 c5 9. dxc5 Bxc5 10. Bb5+ Kf8 11. 0-0 Be6 12. Ne2 Qb6 13. Ba4 Nc6 14. Nd3 Be7 15. c3 Rd8 16. Be3 Qc7 17. Nd4 Nxd4 18. Bxd4 g6 19. Qf3 Bg4 20. Qg3 Qxg3 21. fxg3 Bf5 22. Ne5 Rg8 23. Bb3 a6 24. Rae1 Be6 25. h3 h5 26. Re3 Ne8 27. Nd3 Ng7 28. Nf4 Nf5 29. Nxe6+ fxe6 30. g4 1-0

[Event "St Chely d'Aubrac op 9th"]
[Site "St Chely d'Aubrac"]
[Date "2009.07.14"]
[Round "5"]
[White "Bou, Georges"]
[Black "Marie, Olivier"]
[Result "0-1"]
[WhiteElo "1503"]
[BlackElo "1730"]
[PlyCount "85"]
[EventDate "2009.07.11"]
[EventType "swiss"]
[EventRounds "9"]
[EventCountry "FRA"]
[SourceTitle "EXT 2010"]
[Source "ChessBase"]
[SourceDate "2010.11.25"]
[SourceVersion "1"]
[SourceVersionDate "2010.11.25"]
[SourceQuality "1"]

1. e4 e5 2. Nf3 Nc6 3. Bb5 Bd6 4. 0-0 Nge7 5. c3 0-0 6. d3 Ng6 7. Be3 Be7 8. Nbd2 d6 9. Re1 a6 10. Ba4 f5 11. Nf1 f4 12. Bc1 Bg4 13. N1d2 Kh8 14. Bxc6 bxc6 15. b3 Bg5 16. Bb2 Qf6 17. Qc2 Bh6 18. d4 Nh4 19. Qd3 Bh5 20. c4 Nxf3+ 21. Nxf3 Rfe8 22. dxe5 dxe5 23. Qc3 Re6 24. Rad1 Rae8 25. Rd7 R8e7 26. Rxe7 Qxe7 27. Nxe5 f3 28. g3 Qf6 29. Nd7 Qd8 30. Rd1 Rxe4 31. Qd3 Re2 32. Bc1 Qe7 33. Bxh6 Re1+ 34. Rxe1 Qxe1+ 35. Qf1 Qe7 36. Bxg7+ Kxg7 37. Qd1 Bg4 38. Qa1+ Kg6 39. Ne5+ Kg5 40. h4+ Kf5 41. Nxg4 Kxg4 42. Qd4+ Kh3 43. Kf1 0-1

[Event "St Chely d'Aubrac op 7th"]
[Site "St Chely d'Aubrac"]
[Date "2007.07.19"]
[Round "7"]
[White "Meyer, Bernard"]
[Black "Marie, Olivier"]
[Result "0-1"]
[WhiteElo "1410"]
[BlackElo "1550"]
[PlyCount "84"]
[EventDate "2007.07.07"]
[EventType "swiss"]
[EventRounds "9"]
[EventCountry "FIN"]
[SourceTitle "EXT 2008"]
[Source "ChessBase"]
[SourceDate "2007.11.25"]
[SourceVersion "1"]
[SourceVersionDate "2007.11.25"]
[SourceQuality "1"]

1. e4 Nf6 2. Nc3 e5 3. Nf3 Nc6 4. Bb5 Bd6 5. 0-0 0-0 6. Bxc6 bxc6 7. d4 Re8 8. Re1 exd4 9. Qxd4 c5 10. Qd1 Bb7 11. Bg5 h6 12. Bh4 g5 13. Nxg5 hxg5 14. Bxg5 Qe7 15. Qe2 Qe6 16. f3 Nh7 17. Bh4 Qh6 18. g3 Re5 19. Qf2 Kh8 20. Nb5 Rg8 21. Nxd6 cxd6 22. Kf1 Ba6+ 23. Re2 Qd2 24. Rae1 Qxc2 25. Kg2 Bxe2 26. Rxe2 Qc4 27. Qe3 Rh5 28. Kf2 Qd4 29. Qxd4+ cxd4 30. Rd2 Rb8 31. b3 Ra5 32. Be7 d5 33. Bd6 Rb7 34. b4 Ra3 35. Rxd4 Rxa2+ 36. Ke3 dxe4 37. Rxe4 Rxh2 38. Re8+ Kg7 39. Be5+ f6 40. Re7+ Kg8 41. Bd6 Rh1 42. f4 Re1+ 0-1

[Event "St Chely d'Aubrac op 7th"]
[Site "St Chely d'Aubrac"]
[Date "2007.07.18"]
[Round "6"]
[White "Marie, Olivier"]
[Black "Manser, Lucas"]
[Result "1/2-1/2"]
[WhiteElo "1550"]
[BlackElo "1590"]
[PlyCount "32"]
[EventDate "2007.07.07"]
[EventType "swiss"]
[EventRounds "9"]
[EventCountry "FIN"]
[SourceTitle "EXT 2008"]
[Source "ChessBase"]
[SourceDate "2007.11.25"]
[SourceVersion "1"]
[SourceVersionDate "2007.11.25"]
[SourceQuality "1"]

1. d4 d5 2. c4 e6 3. Nc3 Nf6 4. Bg5 Be7 5. e3 0-0 6. Nf3 b6 7. Qc2 c5 8. Rc1 Bb7 9. Bxf6 Bxf6 10. dxc5 bxc5 11. cxd5 exd5 12. Na4 c4 13. Rd1 Qa5+ 14. Nc3 Nc6 15. a3 Bxc3+ 16. Qxc3 Qxc3+ 1/2-1/2